[Event "Barcelona Sant Marti op-B 23rd"]
[Site "Barcelona"]
[Date "2023.07.21"]
[Round "9"]
[White "Terron Eroles, Jose"]
[Black "Llanos Jimenez, Mauro Felipe"]
[Result "1/2-1/2"]
[WhiteElo "1544"]
[BlackElo "1641"]
[PlyCount "71"]
[EventDate "2023.07.13"]
[EventType "swiss"]
[EventRounds "9"]
[EventCountry "ESP"]
[SourceTitle "CBM 215 Extra"]
[Source "ChessBase"]
[SourceDate "2023.09.30"]
[SourceVersion "1"]
[SourceVersionDate "2023.09.30"]
[SourceQuality "1"]

1. d4 d5 2. Nf3 Nf6 3. Bf4 c5 4. c3 cxd4 5. cxd4 e6 6. Nc3 Nc6 7. e3 Bd6 8. Bxd6 Qxd6 9. Bb5 a6 10. Be2 Qb4 11. Qc2 0-0 12. 0-0 Re8 13. a3 Qd6 14. Rfd1 e5 15. dxe5 Nxe5 16. Nxd5 Nxd5 17. e4 Bg4 18. Rxd5 Nxf3+ 19. Bxf3 Qg6 20. Bxg4 Qxg4 21. f3 Qf4 22. Rad1 g6 23. Qb3 Rab8 24. Rd7 b5 25. g3 Qf6 26. R1d6 Re6 27. Rxe6 fxe6 28. Rd6 Rb6 29. Rxb6 Qd4+ 30. Kg2 Qxb6 31. Qc3 Qd8 32. h4 h5 33. Kh3 Qd7 34. Qf6 e5+ 35. Kg2 Qd2+ 36. Kh3 1/2-1/2

[Event "Barcelona Sant Marti op-B 23rd"]
[Site "Barcelona"]
[Date "2023.07.13"]
[Round "1"]
[White "Volart Buil, Jordi"]
[Black "Llanos Jimenez, Mauro Felipe"]
[Result "1/2-1/2"]
[WhiteElo "1580"]
[BlackElo "1641"]
[PlyCount "149"]
[EventDate "2023.07.13"]
[EventType "swiss"]
[EventRounds "9"]
[EventCountry "ESP"]
[SourceTitle "CBM 215 Extra"]
[Source "ChessBase"]
[SourceDate "2023.09.30"]
[SourceVersion "1"]
[SourceVersionDate "2023.09.30"]
[SourceQuality "1"]

1. d4 d5 2. c4 e6 3. a3 Nf6 4. Nc3 c6 5. cxd5 cxd5 6. Bf4 Bd7 7. e3 a6 8. Nf3 Be7 9. Bd3 0-0 10. h3 Nc6 11. b4 Na7 12. 0-0 Nb5 13. Nxb5 Bxb5 14. Bxb5 axb5 15. Qd3 Qb6 16. Rfc1 Rfc8 17. Nd2 Nh5 18. Bh2 f5 19. g4 fxg4 20. hxg4 Nf6 21. f3 Bd6 22. Bxd6 Qxd6 23. Kg2 e5 24. dxe5 Qxe5 25. f4 Qe6 26. f5 Qe5 27. Nf3 Qe4 28. Rxc8+ Rxc8 29. Qxe4 dxe4 30. Nd4 Nxg4 31. Kg3 Nxe3 32. Kf4 Nd5+ 33. Kxe4 Nf6+ 34. Ke5 Rd8 35. Ne6 Rd3 36. a4 bxa4 37. Rxa4 h5 38. Ra8+ Kf7 39. Nd8+ Ke7 40. Nxb7 Rd5+ 41. Kf4 Rd4+ 42. Kf3 Rxb4 43. Nc5 Rb5 44. Ra7+ Kd6 45. Ne4+ Nxe4 46. Kxe4 Rb4+ 47. Kf3 Rg4 48. f6 gxf6 49. Ra6+ Ke7 50. Ra5 Rg5 51. Ra6 h4 52. Ra7+ Ke6 53. Rh7 Rg3+ 54. Kf4 Ra3 55. Rh5 Ra4+ 56. Kf3 f5 57. Rh8 h3 58. Re8+ Kf6 59. Re3 Re4 60. Ra3 Kg5 61. Kg3 Rh4 62. Kh2 Rh6 63. Ra4 f4 64. Ra1 Kg4 65. Rg1+ Kf3 66. Rf1+ Ke3 67. Ra1 f3 68. Ra3+ Ke4 69. Ra4+ Ke5 70. Ra5+ Kf4 71. Ra4+ Kg5 72. Ra5+ Kg6 73. Ra6+ Kh5 74. Rxh6+ Kxh6 75. Kxh3 1/2-1/2